| 000 | 00493nam a2200181Ia 4500 | ||
|---|---|---|---|
| 001 | 19633 | ||
| 005 | 20260306172707.0 | ||
| 008 | 260306t2021||||xx |||||||||||||| ||spa|| | ||
| 041 | _aESP | ||
| 082 |
_a340.7 _bP84E |
||
| 100 |
_aPrado Saldarriaga, Víctor Roberto _eAUT |
||
| 245 | 0 |
_aDerecho penal, parte especial: _buna introducción en sus conceptos fundamentales |
|
| 260 | _c2021 | ||
| 300 |
_a703 páginas : _c25 cm. |
||
| 650 | _aGEN | ||
| 654 | _aCDE | ||
| 942 |
_cLIB _dJUS _fJUS _2ddc _n |
||
| 999 |
_c19633 _d19633 |
||